Normal view
MARC view
Entry Topical Term
001 - CONTROL NUMBER
- control field: 24696
003 - CONTROL NUMBER IDENTIFIER
- control field: OSt
005 - DATE AND TIME OF LATEST TRANSACTION
- control field: 20211105134906.0
008 - FIXED-LENGTH DATA ELEMENTS
- fixed length control field: 211105|| aca||aabn | a|a d
040 ## - CATALOGING SOURCE
- Original cataloging agency: OSt
- Transcribing agency: OSt
150 ## - HEADING--TOPICAL TERM
- Topical term or geographic name entry element: Cosmic dust -- Congresses
670 ## - SOURCE DATA FOUND
- Source citation: Work cat.: (OSt): International Workshop on Dust and Molecules in Evolved Stars Manchester, United Kingdom 1997 Mar. 24- 27 24695, Dust and molecules in evolved stars, 1998